<?xml version="1.0" encoding="UTF-8"?>
<record
    xmlns:xsi="http://www.w3.org/2001/XMLSchema-instance"
    xsi:schemaLocation="http://www.loc.gov/MARC21/slim http://www.loc.gov/standards/marcxml/schema/MARC21slim.xsd"
    xmlns="http://www.loc.gov/MARC21/slim">

  <leader>00834na  a2200253   4500</leader>
  <controlfield tag="001">18915</controlfield>
  <controlfield tag="003">MIRAKIL</controlfield>
  <controlfield tag="005">20181213155048.0</controlfield>
  <controlfield tag="008">161205b        tu            000 0      </controlfield>
  <datafield tag="035" ind1=" " ind2=" ">
    <subfield code="a">18915</subfield>
  </datafield>
  <datafield tag="040" ind1=" " ind2=" ">
    <subfield code="a">Milas</subfield>
    <subfield code="b">tur</subfield>
    <subfield code="c">TR-AnCHP</subfield>
  </datafield>
  <datafield tag="041" ind1=" " ind2=" ">
    <subfield code="a">tur</subfield>
  </datafield>
  <datafield tag="082" ind1=" " ind2=" ">
    <subfield code="a">353.86</subfield>
    <subfield code="b">B29i 2007</subfield>
  </datafield>
  <datafield tag="090" ind1=" " ind2=" ">
    <subfield code="a">353.86 B29i 2007</subfield>
  </datafield>
  <datafield tag="110" ind1=" " ind2=" ">
    <subfield code="a">Bay&#x131;nd&#x131;rl&#x131;k ve &#x130;skan Bakanl&#x131;&#x11F;&#x131;</subfield>
  </datafield>
  <datafield tag="245" ind1=" " ind2=" ">
    <subfield code="a">2003-2006 faaliyetlerimiz ve 2007 hedeflerimiz</subfield>
    <subfield code="c">Faruk Naf&#x131;z &#xD6;zak</subfield>
  </datafield>
  <datafield tag="260" ind1=" " ind2=" ">
    <subfield code="a">Ankara</subfield>
    <subfield code="b">Bay&#x131;nd&#x131;rl&#x131;k ve &#x130;skan Bakanl&#x131;&#x11F;&#x131;</subfield>
    <subfield code="c">2007</subfield>
  </datafield>
  <datafield tag="300" ind1=" " ind2=" ">
    <subfield code="a">81 s.</subfield>
    <subfield code="b">tbl.</subfield>
    <subfield code="c">20 sm.</subfield>
  </datafield>
  <datafield tag="610" ind1=" " ind2=" ">
    <subfield code="a">Bay&#x131;nd&#x131;rl&#x131;k ve &#x130;skan Bakanl&#x131;&#x11F;&#x131;</subfield>
    <subfield code="x">Faaliyet raporlar&#x131;, 2003-2006</subfield>
  </datafield>
  <datafield tag="610" ind1=" " ind2=" ">
    <subfield code="a">Bay&#x131;nd&#x131;rl&#x131;k ve &#x130;skan Bakanl&#x131;&#x11F;&#x131;</subfield>
    <subfield code="x">Stratejik planlar, 2007</subfield>
  </datafield>
  <datafield tag="650" ind1=" " ind2=" ">
    <subfield code="a">Yap&#x131;</subfield>
    <subfield code="x">&#xC7;al&#x131;&#x15F;malar</subfield>
    <subfield code="z">T&#xFC;rkiye</subfield>
  </datafield>
  <datafield tag="700" ind1=" " ind2=" ">
    <subfield code="a">&#xD6;zak, Faruk Naf&#x131;z </subfield>
  </datafield>
  <datafield tag="942" ind1=" " ind2=" ">
    <subfield code="2">ddc</subfield>
    <subfield code="c">BKS</subfield>
  </datafield>
  <datafield tag="952" ind1=" " ind2=" ">
    <subfield code="a">0001</subfield>
    <subfield code="b">0001</subfield>
    <subfield code="d">2016-12-05</subfield>
    <subfield code="e">2</subfield>
    <subfield code="l">0</subfield>
    <subfield code="o">353.86 B29i 2007</subfield>
    <subfield code="p">008894</subfield>
    <subfield code="r">2016-12-05 00:00:00</subfield>
    <subfield code="v">0.00</subfield>
    <subfield code="w">2016-12-05</subfield>
    <subfield code="y">BKS</subfield>
  </datafield>
  <datafield tag="999" ind1=" " ind2=" ">
    <subfield code="c">5813</subfield>
    <subfield code="d">5813</subfield>
  </datafield>
</record>
